Fresh start / Gale Galligan ; with color by K ... Read More
Available copies
- 0 of 3 copies available at LARL/NWRL Consortium. (Show)
- 0 of 2 copies available at Lake Agassiz Regional Library.
Current holds
0 current holds with 3 total copies.
Show Only Available Copies
| Location | Call Number / Copy Notes | Barcode | Shelving Location | Status | Due Date |
|---|---|---|---|---|---|
| Breckenridge Public Library | J G GAL (Text) | 33500014140867 | Main | Checked out | 07/06/2026 |
| Hawley Public Library | J G GAL (Text) | 33500014140875 | Main | Checked out | 07/08/2026 |
Record details
- ISBN: 9781338045864
- ISBN: 1338045865
- ISBN: 9781338045840
- ISBN: 1338045849
- Physical Description: 270 pages : color illustrations ; 21 cm
- Edition: First edition.
- Publisher: New York : Graphix, an imprint of Scholastic Inc., 2025.
Content descriptions
| General Note: | "New school. New friends. New challenges"--Front cover. |
| Summary, etc.: | "Ollie Herisson's dad is a diplomat, which means ... Read More |
Search for related items by subject
| Genre: | Graphic novels. School comics. Queer comics. Genderqueer comics. |
| LDR | 04244cam a22008171i 4500 | ||
|---|---|---|---|
| 001 | 449672 | ||
| 003 | LARL_NWRL_CONSORTIUM | ||
| 005 | 20250116173128.0 | ||
| 008 | 240512s2025 nyua j 6 000 1 eng d | ||
| 010 | . | ‡a 2023947632 | |
| 040 | . | ‡aYDX ‡beng ‡erda ‡cYDX ‡dOCLCO ‡dIG# ‡dOCLCO ‡dDCB ‡dSDG ‡dOCO ‡dOI6 ‡dJQF | |
| 019 | . | ‡a1433200377 | |
| 020 | . | ‡a9781338045864 ‡q(hardcover) | |
| 020 | . | ‡a1338045865 ‡q(hardcover) | |
| 020 | . | ‡a9781338045840 ‡q(paperback) | |
| 020 | . | ‡a1338045849 ‡q(paperback) | |
| 035 | . | ‡a(OCoLC)1433200803 ‡z(OCoLC)1433200377 | |
| 082 | 0 | 4. | ‡a741.5/973 ‡223/eng/20241205 |
| 100 | 1 | . | ‡aGalligan, Gale, ‡eauthor, ‡eartist. ‡1https://id.oclc.org/worldcat/entity/E39PBJwD4M6hYB6bqqwqWvqqQq |
| 245 | 1 | 0. | ‡aFresh start / ‡cGale Galligan ; with color by K Czap. |
| 250 | . | ‡aFirst edition. | |
| 264 | 1. | ‡aNew York : ‡bGraphix, an imprint of Scholastic Inc., ‡c2025. | |
| 300 | . | ‡a270 pages : ‡bcolor illustrations ; ‡c21 cm | |
| 336 | . | ‡atext ‡btxt ‡2rdacontent | |
| 336 | . | ‡astill image ‡bsti ‡2rdacontent | |
| 337 | . | ‡aunmediated ‡bn ‡2rdamedia | |
| 338 | . | ‡avolume ‡bnc ‡2rdacarrier | |
| 500 | . | ‡a"New school. New friends. New challenges"--Front cover. | |
| 520 | . | ‡a"Ollie Herisson's dad is a diplomat, which means her family moves around a lot. She has already lived in Singapore, Korea, France, and the United States. When Ollie starts at a new school, she doesn't worry about making a good impression because she knows that when her family inevitably moves again, she'll get a fresh start somewhere else. A complete reset. It doesn't matter if her classmates think she's weird for pretending that she lives in the world of an imagined anime, or if she makes an enemy out of the most popular girl in her class, or if she does something hugely embarrassing! And it definitely doesn't matter that all her mom wants is for Ollie to be more of a proper Thai daughter. But after moving from Germany to Virginia and having a mortifying first day at her new school, Ollie is shocked to learn that her parents are going to buy a house so that Ollie and her sister, Cat, can finish grade school in one place. Can Ollie figure out how to both be herself and make real friends when she can't run away from her life?"-- ‡cProvided by publisher | |
| 650 | 0. | ‡aThai Americans ‡vComic books, strips, etc. | |
| 650 | 0. | ‡aSexual minority children ‡vComic books, strips, etc. | |
| 650 | 0. | ‡aFamilies ‡vComic books, strips, etc. | |
| 650 | 0. | ‡aSisters ‡vComic books, strips, etc. | |
| 650 | 0. | ‡aDiplomats ‡vComic books, strips, etc. | |
| 650 | 0. | ‡aMoving, Household ‡vComic books, strips, etc. | |
| 650 | 0. | ‡aGender identity ‡vComic books, strips, etc. | |
| 650 | 0. | ‡aSex role in children ‡vComic books, strips, etc. | |
| 650 | 0. | ‡aFriendship in children ‡vComic books, strips, etc. | |
| 650 | 0. | ‡aBelonging (Social psychology) ‡vComic books, strips, etc. | |
| 650 | 0. | ‡aMiddle school students ‡vComic books, strips, etc. | |
| 651 | 0. | ‡aVirginia ‡vComic books, strips, etc. | |
| 650 | 1. | ‡aThai Americans ‡vFiction. | |
| 650 | 1. | ‡aLGBTQ+ people ‡vFiction. | |
| 650 | 1. | ‡aFamilies ‡vFiction. ‡0(LARL_NWRL_CONSORTIUM)164942 | |
| 650 | 1. | ‡aSisters ‡vFiction. ‡0(LARL_NWRL_CONSORTIUM)167281 | |
| 650 | 1. | ‡aDiplomats ‡vFiction. ‡0(LARL_NWRL_CONSORTIUM)171916 | |
| 650 | 1. | ‡aMoving (Households) ‡vFiction. | |
| 650 | 1. | ‡aGender identity ‡vFiction. ‡0(LARL_NWRL_CONSORTIUM)169081 | |
| 650 | 1. | ‡aSex role ‡vFiction. ‡0(LARL_NWRL_CONSORTIUM)167331 | |
| 650 | 1. | ‡aFriendship ‡vFiction. ‡0(LARL_NWRL_CONSORTIUM)164944 | |
| 650 | 1. | ‡aBelonging ‡vFiction. | |
| 650 | 1. | ‡aMiddle school students ‡vFiction. | |
| 650 | 1. | ‡aVirginia ‡vFiction. | |
| 650 | 1. | ‡aCartoons and comics. ‡0(LARL_NWRL_CONSORTIUM)175912 | |
| 650 | 1. | ‡aGraphic novels. ‡0(LARL_NWRL_CONSORTIUM)40036 | |
| 650 | 7. | ‡aLGBTQ ‡2homoit | |
| 655 | 7. | ‡aGraphic novels. ‡2lcgft | |
| 655 | 7. | ‡aSchool comics. ‡2lcgft | |
| 655 | 7. | ‡aQueer comics. ‡2lcgft | |
| 655 | 7. | ‡aGenderqueer comics. ‡2lcgft | |
| 700 | 1 | . | ‡aCzap, K, ‡ecolorist ‡1https://id.oclc.org/worldcat/entity/E39PCjDTdk9wY7MdWdTpjVVw83 |
| 901 | . | ‡a449672 ‡bOCoLC ‡c449672 ‡tbiblio ‡soclc | |

Add to basket
Permalink
Disable Highlighting